Phan Bội Châu về tác gia và tác phẩm

Giới thiệu sơ lược tiểu sử của nhà văn, nhà thơ Phan Bội Châu. Tập hợp các bài phân tích đánh giá sự nghiệp sáng tác văn học của tác giả và những hồi ức về Phan Bội Châu của những nhà hoạt động cách mạng, nhà tri thức ở trong và ngoài nước...

Disgrifiad llawn

Wedi'i Gadw mewn:
Manylion Llyfryddiaeth
Awduron Eraill: Hà Minh Đức (Tác giả), Trần Văn Giàu (Tác giả), Trần Huy Liệu (Tác giả), Đặng Thái Mai (Tác giả)
Fformat: Llyfr
Iaith:Vietnamese
Cyhoeddwyd: H. Giáo dục 2001
Pynciau:
Tagiau: Ychwanegu Tag
Dim Tagiau, Byddwch y cyntaf i dagio'r cofnod hwn!
Thư viện lưu trữ: Mạng thư viện Đại học Đà Nẵng
LEADER 01665nam a2200385 4500
001 000004215
003 346
005 20121211001204.0
008 110718s2001 viesd
020 |c 38500 
041 0 |a vie 
082 |a 895.92209  |b PH-C 
245 0 |a Phan Bội Châu về tác gia và tác phẩm  |c Chương Thâu, Trần Ngọc Vương giới thiệu và tuyển chọn 
260 |a H.  |b Giáo dục  |c 2001 
300 |a 455 tr : ảnh chân dung  |c 24 cm 
500 |a Thư mục: tr. 442-451 
520 |a Giới thiệu sơ lược tiểu sử của nhà văn, nhà thơ Phan Bội Châu. Tập hợp các bài phân tích đánh giá sự nghiệp sáng tác văn học của tác giả và những hồi ức về Phan Bội Châu của những nhà hoạt động cách mạng, nhà tri thức ở trong và ngoài nước 
653 |a Vă học Việt Nam 
653 |a Phan Bội Châu, 1867 - 1940 
653 |a Văn học yêu nước 
700 |a Hà Minh Đức  |e Tác giả 
700 |a Trần Văn Giàu  |e Tác giả 
700 |a Trần Huy Liệu  |e Tác giả 
700 |a Đặng Thái Mai  |e Tác giả 
910 |a Nguyễn Thị Kim Oanh  |d 18/ 07/ 2011 
OWN |a LSP 
AVA |a UDN50  |b LSP  |d 895.92209 PH-C  |e available  |t Error 5001 Not defined in file expand_doc_bib_avail.  |f 6  |g 0  |h N  |i 0  |k 1 
999 |a From the UDN01 
AVA |a UDN50  |b LSP  |d 895.92209 PH-C  |e available  |t Error 5001 Not defined in file expand_doc_bib_avail.  |f 6  |g 0  |h N  |i 0  |k 1 
TYP |a Monograph 
TYP |a Printed language 
980 |a Mạng thư viện Đại học Đà Nẵng